Endonyms of the World - Statistics

General Stats
  • This quiz has been taken 116 times
  • The average score is 14 of 20
Answer Stats
Endonym Exonym % Correct
Österreich Austria
99%
Deutschland Germany
96%
Nippon Japan
95%
Suomi Finland
92%
Kâmpŭchéa Cambodia
90%
Zhōngguó China
88%
Sverige Sweden
88%
Magyarország Hungary
85%
Tšād Chad
82%
Hrvatska Croatia
79%
Bharat India
74%
Misr Egypt
73%
Al-Maghrib Morocco
67%
Ellada Greece
62%
Sak'art'velo Georgia
59%
Belau Palau
51%
Ködörösêse tî Bêafrîka Central African Republic
46%
Al-'Urdunn Jordan
42%
Dhivehi Maldives
36%
Bukhan North Korea
19%
No matching quizzes found
Score Distribution
Percent of People with Each Score
Percentile by Number Answered
Your Score History
You have not taken this quiz